000 00593nam a2200205Ia 4500
005 20250508163918.0
008 008 250505s9999 xx 000 0 eng d
020 _a81-87498-19-6
037 _aTextual
040 _aFEDL
_beng
_cFEDL
041 _aeng
_2eng
084 _a371.1, TAL
_qFEDL
100 _aTalesra Hemlata...(et.al ). Ed.
_9776756
245 0 _aEducational leadership : Global perspectives
260 _aNew Delhi, India
_bRegency Publications
_c2001
300 _ax,342p
650 _aTeaching
942 _cTEXL
_h371.1, TAL
999 _c1385929
_d1385929